| 000 | 00481nam a2200193Ia 4500 | ||
|---|---|---|---|
| 008 | 170918s9999 xx 000 0 und d | ||
| 020 | _a9780545397148 | ||
| 050 | _bL666wh 2012 | ||
| 100 | _aLevithan, David | ||
| 245 | _aWhat we remember what we forget / | ||
| 245 | _cby David Levithan. | ||
| 260 | _aNew York : | ||
| 260 | _bPush Anthology, | ||
| 260 | _c2012 | ||
| 300 | _a286 pages : | ||
| 300 | _billustrations ; | ||
| 300 | _c17cm. | ||
| 300 | _eA push anthology. | ||
| 999 |
_c344061 _d344061 |
||